00317nam a2200121Ia 4500008004100000020001800041041000800059082002500067100001300092245004200105260003900147300000900186230411s9999 xx 000 0 und d a81-8296-088-6 aeng aPS/616.89/GAR/B03931 aGarg P D aConcise Psychiatry for Undergraduates bArya PublicationsaNew Delhic2006 a262p